000 00623nam a2200205Ia 4500
001 19630
003 GE_BSU
008 181216s||||||||xx |||||||||||||| ||und||
040 _cGE_BSU
245 _aХимия и жизнь-XXI век. №12. 2016
245 _bЕжемесячный научно-популярный журнал
245 _cГл.ред.Стельникова Л.Н.
260 _aМосква
260 _bНаука Пресс
260 _c2016
300 _a64стр. илл. 28см.
653 _aХимия и жизнь.№12. 2016
653 _aპერიოდიკა
942 _cCR
999 _c52606
_d52606